El venadeado y otros cuentos

Tallennettuna:
Bibliografiset tiedot
Päätekijä: Balsells Rivera, Alfredo
Aineistotyyppi: Kirja
Kieli:Undetermined
Julkaistu: Guatemala [s.n.] 1958
Aiheet:
Tagit: Lisää tagi
Ei tageja, Lisää ensimmäinen tagi!

MARC

LEADER 00000nam a2200000Ia 4500
008 170316s9999 xx 000 0 und d
040 |a cru BVZT 
090 |a 860 B-4v 
100 |a Balsells Rivera, Alfredo 
245 |a El venadeado y otros cuentos 
260 |a Guatemala 
260 |b [s.n.] 
260 |c 1958 
300 |a 194 páginas 
650 |a LITERATURA LATINOAMERICANA 
999 |c 8469  |d 8469 
942 |c 15 D  |h 860 B-4v  |2 z